00318nam a2200121Ia 4500008004100000041000800041082001500049100001400064245004500078260003300123300002900156365001100185240624s9999 xx 000 0 und d aeng a338.52 MRU aMRUDULA E aTRANSFER PRICING AND TAXES AN INTRODUCTI c2004aHyderabadbICFAI press av, : 175 : p. : cm. ; 23 cRSb50